000 00310nam a2200133Ia 4500
008 240624s9999 xx 000 0 und d
041 _aeng
082 _a823 KAU
100 _aKAUSHIK NISHANT
245 _aROMANCE WITH CHAOS
260 _c2010
_aNew Delhi
_bRupa & Co
300 _a291 : p.
365 _cRS
_b25
999 _c17262
_d17262